000
00455nam a2200145Ia 4500
008
100204s9999 xx 000 0 und d
082
_b
23349
100
_a
सोनग्रा रतनलाल
245
_a
सोनजातक
260
_b
"प्रबुध्द नायक प्रकाशन , मुंबई"
_c
1998
300
_a
109
630
_a
सोनजातक
730
_a
सोनजातक
942
_c
BOOK
999
_c
468459
_d
468456